<?xml version="1.0" encoding="UTF-8"?>
<record
    xmlns:xsi="http://www.w3.org/2001/XMLSchema-instance"
    xsi:schemaLocation="http://www.loc.gov/MARC21/slim http://www.loc.gov/standards/marcxml/schema/MARC21slim.xsd"
    xmlns="http://www.loc.gov/MARC21/slim">

  <leader>00610nam a2200181Ia 4500</leader>
  <controlfield tag="008">090630s9999    xx            000 0 und d</controlfield>
  <datafield tag="082" ind1=" " ind2=" ">
    <subfield code="b">15215</subfield>
  </datafield>
  <datafield tag="100" ind1=" " ind2=" ">
    <subfield code="a">&#x905;&#x92C;&#x94B;&#x932;&#x940; &#x909;&#x92E;&#x93E;&#x915;&#x93E;&#x902;&#x924;.</subfield>
  </datafield>
  <datafield tag="245" ind1=" " ind2=" ">
    <subfield code="a">&#x930;&#x93E;&#x915;&#x94D;&#x937;&#x938; &#x905;&#x91C;&#x917;&#x930;.</subfield>
    <subfield code="c">&#x905;&#x92C;&#x94B;&#x932;&#x940; &#x909;&#x92E;&#x93E;&#x915;&#x93E;&#x902;&#x924;.</subfield>
  </datafield>
  <datafield tag="260" ind1=" " ind2=" ">
    <subfield code="b">&#x905;&#x92E;&#x94B;&#x932; - &#x92A;&#x941;&#x923;&#x947;.</subfield>
  </datafield>
  <datafield tag="300" ind1=" " ind2=" ">
    <subfield code="a">0</subfield>
  </datafield>
  <datafield tag="600" ind1=" " ind2=" ">
    <subfield code="a">&#x905;&#x92C;&#x94B;&#x932;&#x940; &#x909;&#x92E;&#x93E;&#x915;&#x93E;&#x902;&#x924;.</subfield>
  </datafield>
  <datafield tag="630" ind1=" " ind2=" ">
    <subfield code="a">&#x930;&#x93E;&#x915;&#x94D;&#x937;&#x938; &#x905;&#x91C;&#x917;&#x930;.</subfield>
  </datafield>
  <datafield tag="655" ind1=" " ind2=" ">
    <subfield code="a">&#x92C;&#x93E;&#x932;&#x935;&#x93E;&#x919;&#x92E;&#x92F;.</subfield>
  </datafield>
  <datafield tag="700" ind1=" " ind2=" ">
    <subfield code="a">&#x905;&#x92C;&#x94B;&#x932;&#x940; &#x909;&#x92E;&#x93E;&#x915;&#x93E;&#x902;&#x924;.</subfield>
  </datafield>
  <datafield tag="730" ind1=" " ind2=" ">
    <subfield code="a">&#x930;&#x93E;&#x915;&#x94D;&#x937;&#x938; &#x905;&#x91C;&#x917;&#x930;.</subfield>
  </datafield>
  <datafield tag="942" ind1=" " ind2=" ">
    <subfield code="c">BOOK</subfield>
  </datafield>
  <datafield tag="999" ind1=" " ind2=" ">
    <subfield code="c">267071</subfield>
    <subfield code="d">267071</subfield>
  </datafield>
  <datafield tag="952" ind1=" " ind2=" ">
    <subfield code="0">0</subfield>
    <subfield code="1">0</subfield>
    <subfield code="4">0</subfield>
    <subfield code="7">0</subfield>
    <subfield code="a">SAWASHRI</subfield>
    <subfield code="b">SAWASHRI</subfield>
    <subfield code="d">0000-00-00</subfield>
    <subfield code="g">3.00</subfield>
    <subfield code="l">0</subfield>
    <subfield code="o">15215</subfield>
    <subfield code="p">SAWASHRI-15215</subfield>
    <subfield code="r">2009-06-30 00:00:00</subfield>
    <subfield code="v">3.00</subfield>
    <subfield code="w">2009-06-30</subfield>
    <subfield code="y">BOOK</subfield>
  </datafield>
</record>
